Literary culture and translation: (Record no. 152559)

MARC details
000 -LEADER
fixed length control field 00670nam a22002057a 4500
005 - DATE AND TIME OF LATEST TRANSACTION
control field 20180606112602.0
010 ## - LCCN (DPL NO)
LC control number ENG-123151
020 ## - INTERNATIONAL STANDARD BOOK NUMBER
International Standard Book Number 9789384082512
Terms of availability 950.00
035 ## - SYSTEM CONTROL NUMBER
System control number EN-106683
037 ## - SOURCE OF ACQUISITION
Source of stock number/acquisition DBAD/PUB
082 ## - DEWEY DECIMAL CLASSIFICATION NUMBER
Classification number 809
245 ## - TITLE STATEMENT
Title Literary culture and translation:
Statement of responsibility, etc edited by Dorothy M. Figueira and Chandra Mohan
Remainder of title new aspects of comparative literture /
260 ## - PUBLICATION, DISTRIBUTION, ETC. (IMPRINT)
Place of publication, distribution, etc Delhi
Name of publisher, distributor, etc Primus Books
Date of publication, distribution, etc 2017
270 ## - ADDRESS
Address Virat Bhavan,Mukherjee Nagar,Commercial Complex,
City Delhi
Postal code 110009
300 ## - PHYSICAL DESCRIPTION
Extent 325p.
Dimensions 22cm(Hb)
500 ## - GENERAL NOTE
General note It includes index
700 ## - ADDED ENTRY--PERSONAL NAME
Personal name Figueira Dorothy M.
700 ## - ADDED ENTRY--PERSONAL NAME
Personal name Chandra Mohan
942 ## - ADDED ENTRY ELEMENTS (KOHA)
Source of classification or shelving scheme Dewey Decimal Classification
Item type English Books
Call number suffix LIT
Classification part 809
Holdings
Withdrawn status Lost status Not for loan Collection code Home library Current library Date acquired Source of acquisition Cost, normal purchase price Full call number Barcode Copy number Cost, replacement price Koha item type
    Not For Loan Non-fiction D.B.Act.Division Sarojini Nagar 06/06/2018 DBAD/PUB 950.00 809 LIT EN-106683 1 950.00 English Books

© Delhi Public Library
Hit Counter
free hit counter